00273nam a2200109Ia 4500008004100000041000800041082001500049100001300064245003400077260003300111300001900144241028s9999 xx 000 0 und d aeng a658.15 TAI aTaillard aCorporate Finance For Dummies bWiley IndiaaNew Delhic2022 a342;. P. 23 cm